000 00552nam a22001937a 4500
003 OSt
005 20170324135018.0
008 170324b xxu||||| |||| 00| 0 eng d
020 _a0521632552
040 _cDDC.
082 _a523.83STE 1998
100 _aEdited by Aparicio,A;Herrero,A;Sanchez,F;
_911946
245 _aStellar Astrophysics for the Local Group:
260 _aCambridge ;
_bCambridge University Press,
_c1998.
300 _axi,607p;
_bill:
_c25cm.
504 _aincludes references.
650 _aPhysics.
_9809
942 _2ddc
_cN_PAPAER
999 _c5738
_d5738